2025 F1 Grid - Statistics

General Stats
  • This quiz has been taken 794 times
    463 since last reset
  • The average score is 19 of 20
Answer Stats
Team Drivers % Correct
Mercedes G. Russell
99%
Red Bull M. Verstappen
99%
Ferrari C. Leclerc
98%
Ferrari L. Hamilton
98%
Mclaren L. Norris
98%
Mclaren O. Piastri
98%
Mercedes K. Antonelli
97%
Red Bull Y. Tsunoda
96%
Aston Martin F. Alonso
95%
Williams C. Sainz
93%
Haas E. Ocon
91%
Aston Martin L. Stroll
91%
Sauber N. Hulkenberg
91%
Haas O. Bearman
91%
Alpine P. Gasly
90%
Williams A. Albon
89%
RB I. Hadjar
89%
RB L. Lawson
88%
Sauber G. Bortoleto
87%
Alpine F. Colapinto
83%
No matching quizzes found
Score Distribution
Percent of People with Each Score
Percentile by Number Answered
Your Score History
You have not taken this quiz since the last reset